| 000 | 00554aam a2200217 4500 | ||
|---|---|---|---|
| 005 | 20220608185354.0 | ||
| 008 | 150715b xxu||||| |||| 00| 0 spa d | ||
| 041 | _aEspañol | ||
| 082 | _a152.47 E52c | ||
| 100 |
_aEllis,Albert _931393 |
||
| 100 |
_aChip Tafrate,Raymond _931394 |
||
| 245 | _aControle su ira antes de que ella le controle a usted | ||
| 260 | _aEspañol | ||
| 260 | _bPaidos | ||
| 260 | _c1999 | ||
| 300 | _a215 páginas | ||
| 650 |
_aEMOCIONES _9274 |
||
| 650 |
_aIRA _914872 |
||
| 650 |
_aTERAPIA RACIONAL _931395 |
||
| 942 | _cBK | ||
| 999 |
_c1783 _d1783 |
||